Mujeres y castigo un enfoque socio-jurd̕ico y de gňero /

Detalles Bibliográficos
Autor Corporativo: Instituto Internacional de Sociologa̕ Jurd̕ica (Oąte)
Otros Autores: Almeda Samaranch, Elisabet (ed.lit), Bodeln̤ Gonzl̀ez, Encarna (ed.lit)
Formato: Desconocido
Lenguaje:español
Publicado: Madrid : Dykinson, 2007
Materias:
Acceso en línea:Acceso restringido

MARC

LEADER 00000ny a22000003n 4500
005 20110617125313.0
008 070423s2007 sp s 000 0 spa c
017 |a D.L. SE.919-2007 
020 |a 8497729617 
035 |a 1836 
040 |a SpMaUCTR  |d vlex 
040 |a UMA.RE  |d vlex 
080 |a 343.81-055.2 
090 |c 1408  |d 1408 
245 0 0 |a Mujeres y castigo  |h [Recurso electrn̤ico]  |b un enfoque socio-jurd̕ico y de gňero /  |c Elisabet Alameda Samaranch, Encarna Bodeln̤ Gonzl̀ez, editoras 
256 |a Servicio en ln̕ea 
260 |a Madrid :  |b Dykinson,   |c 2007 
300 |a 295 p. ;  |c 22 cm 
504 |a Referencias bibliogrf̀icas 
506 1 |a Contenido solo disponible en los productos indicados  |d vLex Global  |d vLex Global (Academic Edition, excluding Law Schools)  |d vLex Global (U.S. Academic Edition, Law Schools)  |d vLex Global (U.S. Academic Edition, excluding Law Schools)  |d vLex Global (Academic Edition, Law Schools) 
650 0 7 |a Violencia de gňero   |2 Tesauro vLex 
650 0 7 |a Seguridad social  |2 Tesauro vLex 
650 0 7 |a Derechos de la mujer  |2 Tesauro vLex 
650 0 7 |a Derecho penitenciario  |2 Tesauro vLex 
650 0 7 |a Establecimientos penitenciarios de mujeres  |2 Tesauro vLex 
700 1 |a Almeda Samaranch, Elisabet,  |e ed.lit 
700 1 |a Bodeln̤ Gonzl̀ez, Encarna,  |e ed.lit 
710 2 |a Instituto Internacional de Sociologa̕ Jurd̕ica (Oąte) 
740 0 |a vLex Libros (Servicios en ln̕ea) 
856 4 0 |u http://vlex.com/source/1836  |z Acceso restringido 
942 |c BOOK 
999 0 4 |a Mujeres presas